| 000 | 00392nam a2200181Ia 4500 | ||
|---|---|---|---|
| 005 | 20250603145441.0 | ||
| 008 | 250603s9999 xx 000 0 und d | ||
| 020 | _a9798565299410 | ||
| 050 | _aPR 9387 .O38/ | ||
| 100 | _aOdukoya, Anna | ||
| 245 | 0 | _aNwaekeamadi | |
| 260 | _aAbuja | ||
| 260 | _bTip Publishing | ||
| 260 | _c2020 | ||
| 300 | _a277 p | ||
| 650 | _aAbuja | ||
| 942 | _cBK | ||
| 999 |
_c41896 _d41896 |
||